000 00662nam a2200217Ia 4500
003 OSt
005 20251205112002.0
008 210210b2003 xxu||||| |||| 00| 0 eng d
020 _a8178088479
040 _aAL
_c
041 _aEnglish
082 _a620.8 BOUB
100 _aBourgaiz David and others
_933128
245 _aBiotechnology Demystifying the concepts
260 _aNew Delhi
_bPearson Education
_c2003
300 _axvi,416p
650 _aDNA generalizations mendelian genetics chromosomes genetic disease and gene therapy aids HIV Cancer war against cancer
_933129
690 _aBiotechnology
_933130
906 _a058247
942 _2ddc
_cBK
999 _c105528
_d105528